| 000 | 00793nam a2200229 4500 | ||
|---|---|---|---|
| 003 | OSt | ||
| 005 | 20240608022301.0 | ||
| 006 | a | ||
| 008 | 240608b |||||||| |||| 00| 0 eng d | ||
| 020 | _a9710412068 | ||
| 040 |
_aDWCL-Main lib. _cOC |
||
| 082 | _aFil. 909 B212t 2010 | ||
| 100 | _aBanaag, Lee Mark T | ||
| 245 | _aTransworld civilizations and literature : historical transitions, institutional transformations, and transcultural occupational practices in world civilization / | ||
| 260 |
_aMandaluyong City, Phils. : _bBooks Atbp., _cc2010. |
||
| 300 |
_avii, _b188 p. ; _c22 cm. |
||
| 504 | _aIncludes bibliography. | ||
| 650 | _a1. World history–Textbook. | ||
| 650 | _a2. World civilizations–History. | ||
| 700 | _aLee Mark T. Banaag | ||
| 942 |
_2ddc _n0 _cBK - FIL _kFil. |
||
| 999 |
_c394 _d394 |
||